Guía ilustrada de la poda y de los injertos : plantas de fruto y ornamentales /
Guardado en:
| Autor Principal: | |
|---|---|
| Formato: | Libro |
| Publicado: |
Barcelona :
De Vecchi,
1993
|
| Series: | Colección Agricultura y horticultura
|
| Materias: | |
| Etiquetas: |
Agregar Etiqueta
Sin Etiquetas, Sea el primero en etiquetar este registro!
|
| LEADER | 02529nam a22002535a 4500 | ||
|---|---|---|---|
| 001 | CEM.cems017024 | ||
| 005 | 20130829111006.0 | ||
| 008 | 130507s1993##################000#0#####d | ||
| 003 | CEMS | ||
| 020 | |a 8431511842 | ||
| 082 | 0 | 4 | |a 635.9 |
| 100 | 1 | |a Mainardi Fazio, Fausta | |
| 245 | 1 | 0 | |a Guía ilustrada de la poda y de los injertos : |b plantas de fruto y ornamentales / |c Fausta Mainardi Fazio |
| 260 | |a Barcelona : |b De Vecchi, |c 1993 | ||
| 300 | |a 255 p. | ||
| 490 | 0 | |a Colección Agricultura y horticultura | |
| 505 | 0 | |a La poda, reglas generales -- Finalidad y efectos de la poda -- La dominancia apical -- Distribución y localización de las yemas -- Grado de desarrollo de las yemas -- Desarrollo de las yemas -- Ramas, variedades según las características de sus yemas -- Ramas de madera -- Ramas fructíferas -- Ramas mixtas -- Partes de una planta -- La poda y las estaciones -- Poda invernal o poda en seco -- Poda estival o poda verde -- Distintas técnicas de poda -- Despunte -- Poda de los chupones -- Despunte o desmoche -- Espolonadura -- Despampanadura -- Trasmocho o descabezado -- Aclareo -- Corte de retorno -- Eliminación de ramas -- Poda de trasplante -- Terminología práctica referente a la poda -- Técnicas alternativas y sustitutivas de la poda -- La poda y las tres edades de la planta -- Las formas de cultivo de los frutales -- Normas prácticas sobre la poda de formación -- Formas de volumen -- Formas aplanadas y apoyadas -- Pergolados -- El injerto, normas generales -- El injerto -- El injerto paso a paso -- Compatibilidad entre portainjerto e injerto -- Técnica de injerto -- Breves normas prácticas para la siembra y la mulitiplicación vegetativa -- Esqueje -- Retoño arraigado --- Acodo simple y acodo aéreo -- Utiles y accesorios para el injerto -- Técnicas de injerto -- Injertos de yema o de escudete -- Técnica básica para el injerto de la yema -- Injertos de púa -- Injertos especiales -- Soldadura definitiva del injerto y cuidados posteriores -- Fichas de los arboles frutales -- Fruta pequeña -- La poda y el injerto de las plantas ornamentales -- La poda -- La poda de las especies de hoja perenne -- La poda de las especies de flor -- La poda de las trepadoras -- La poda de los setos -- El injerto | |
| 653 | |a Poda | ||
| 653 | |a Injertos | ||
| 653 | |a Plantas de fruto-poda | ||
| 653 | |a Plantas de fruto-injerto | ||
| 653 | |a Plantas ornamentales-poda | ||
| 653 | |a Plantas ornamentales-injerto | ||
| 859 | |a CEMS |b BIB. CEMS - Agricultura |h 635.9 |i M284 |p A0093.00 |t Ej.1 | ||
